|
|
|
|
| LEADER |
00702cam a2200241 7i4500 |
| 001 |
0000036760 |
| 005 |
20220412090000.0 |
| 007 |
ta |
| 008 |
220217s2018 may |
| 020 |
|
|
|a 9789674690823
|
| 040 |
|
|
|a MATR
|
| 090 |
0 |
0 |
|a FM 899.2333
|b UMI
|
| 100 |
0 |
|
|a Umie Nadzimah
|e author
|
| 245 |
1 |
0 |
|a Rindu Yang Terlarang
|c Umie Nadzimah.
|
| 264 |
|
0 |
|a Selangor:
|b Penerbitan Karyaseni,
|c 2018.
|
| 300 |
|
|
|a 548 pages;
|c 19 cm.
|
| 336 |
|
|
|a text
|2 rdacontent
|
| 337 |
|
|
|a unmediated
|2 rdamedia
|
| 338 |
|
|
|a volume
|2 rdacarrier
|
| 500 |
|
|
|a Screen adaption
|
| 650 |
0 |
0 |
|a Malay fiction
|
| 650 |
0 |
0 |
|a Malaysian fiction (Malay)
|
| 999 |
|
|
|a B000041668
|b Book
|c Book
|e Business Information Centre
|